000 00421nam a2200181Ia 4500
001 10694
005 20260306161851.0
008 260306t1977||||xx |||||||||||||| ||spa||
041 _aESP
082 _a946.081
_bJ37
100 _aJellinek, Frank
_eAUT
245 0 _aLa guerra civil en España
260 _c1977
300 _a503 páginas :
_c20 cm.
650 _aGEN
654 _aCHU
942 _cLIB
_dJUS
_fJUS
_2ddc
_n
999 _c10694
_d10694